Pays commençant par M - Statistiques

Statistiques générales
  • Ce quiz a été pris 476 fois
  • Le résultat moyen est 12 sur 16
Statistiques - réponses
Continent Réponse % Correct
Amérique du Nord Mexique
93%
Afrique Maroc
85%
Afrique Mauritanie
84%
L'Europe Moldavie
82%
L'Europe Macédoine
79%
Afrique Mali
79%
L'Europe Monténégro
77%
L'Europe Monaco
75%
Afrique Madagascar
74%
Afrique Mozambique
74%
L'Europe Malte
72%
Asie Mongolie
71%
Asie Malaisie
70%
Afrique Malawi
63%
Océanie Micronésie
54%
Asie Maldives
51%
Aucun quiz correspondant
Distribution des résultats
% des personnes avec chaque résultat
Percentile par nombre de réponses
Votre historique - résultats
Vous n’avez pas pris ce quiz